| 000 -LEADER |
| fixed length control field |
00476pam a2200169 a 4500 |
| 001 - CONTROL NUMBER |
| control field |
15149713 |
| 005 - DATE AND TIME OF LATEST TRANSACTION |
| control field |
20230421133631.0 |
| 008 - FIXED-LENGTH DATA ELEMENTS--GENERAL INFORMATION |
| fixed length control field |
080122s2007 nyua b 001 0 eng |
| 020 ## - INTERNATIONAL STANDARD BOOK NUMBER |
| International Standard Book Number |
9780307278074 x |
| 080 ## - UNIVERSAL DECIMAL CLASSIFICATION NUMBER |
| Universal Decimal Classification number |
159.9 H-92 |
| 100 1# - MAIN ENTRY--PERSONAL NAME |
| Personal name |
Hunt, Morton M. |
| Dates associated with a name |
|
| 9 (RLIN) |
17715 |
| 245 14 - TITLE STATEMENT |
| Title |
The story of psychology / |
| Statement of responsibility, etc. |
Morton Hunt. |
| 264 ## - PRODUCTION, PUBLICATION, DISTRIBUTION, MANUFACTURE, AND COPYRIGHT NOTICE |
| Place of production, publication, distribution, manufacture |
New York : |
| Name of producer, publisher, distributor, manufacturer |
Anchor Books, |
| Date of production, publication, distribution, manufacture, or copyright notice |
2007. |
| 300 ## - PHYSICAL DESCRIPTION |
| Extent |
877 p. : |
| Other physical details |
ill. ; |
| Dimensions |
21 cm. |
| 653 ## - INDEX TERM--UNCONTROLLED |
| keyword |
ფსიქოლოგია |
| 942 ## - ADDED ENTRY ELEMENTS (KOHA) |
| Source of classification or shelving scheme |
|
| Koha item type |
წიგნი |